Statistics for Ontario Province Quiz

Click here to take the quiz!

General Stats

  • This quiz has been taken 264 times
  • The average score is 12 of 20

Answer Stats

HintAnswer% Correct
Capital cityToronto
99%
Great Lakes bordered by OntarioErie
93%
Great Lakes bordered by OntarioOntario
92%
Great Lakes bordered by OntarioSuperior
89%
Great Lakes bordered by OntarioHuron
89%
Large oceanic bay to the northHudson Bay
86%
Second biggest cityOttawa
85%
City located directly across DetroitWindsor
73%
City of University of Western OntarioLondon
62%
"Ace Ventura" actorJim Carrey
60%
Third biggest cityMississauga
58%
What CN stand for in CN TowerCanadian National
52%
Busiest highway in North AmericaHighway {401}
49%
Largest of the Niagara Falls{Horseshoe} Falls
43%
Inventor of basketballJames Naismith
40%
Confederation of six
Native American tribes
Iroquois
40%
Lake on the U.S. and
Manitoba border
Lake of the
Woods
27%
Most famous nickname of that city{Hog}town
20%
Site of Canada's southernmost point{Middle} Island
11%
Name one of the two longest
rivers of Ontario
Severn | Albany
11%

Score Distribution

Percentile by Number Answered

Percent of People with Each Score

Your Score History

You have not taken this quiz